一都三県以外のアド街ック天国の街 - Statistics

General Stats
  • This quiz has been taken 37 times
  • The average score is 70 of 171
Answer Stats
地域 % Correct
韓国 ソウル
97%
愛知 名古屋
94%
茨城 水戸
91%
沖縄 那覇
91%
岡山 岡山
84%
茨城 土浦
81%
岡山 倉敷
81%
群馬 高崎
81%
香川 高松
81%
福岡 博多
81%
茨城 つくば
78%
アメリカ ワイキキ
75%
沖縄 石垣島
75%
広島 広島
75%
山梨 甲府
75%
静岡 浜松
75%
静岡 静岡
75%
北海道 札幌
75%
北海道 函館
75%
北海道 小樽
75%
アメリカ オアフ島
72%
沖縄 宮古島
72%
宮城 仙台
72%
山梨・静岡 富士山
72%
静岡 富士・裾野
72%
長野 松本
72%
北海道 旭川
72%
茨城 大洗・ひたちなか
69%
静岡 熱海
69%
栃木 宇都宮
69%
福岡 小倉
69%
福島 いわき
69%
茨城 取手
66%
群馬 草津
66%
石川 金沢
66%
中国 上海
66%
長崎 長崎
66%
奈良 奈良
66%
北海道 帯広
66%
愛媛 松山
63%
宮崎 宮崎
63%
群馬 桐生
63%
静岡 沼津
63%
静岡 清水
63%
大阪 梅田
63%
大阪 なんば
63%
大分 別府
63%
茨城 ひたちなか
59%
静岡 下田
59%
栃木 日光
59%
栃木 栃木
59%
栃木 足利
59%
福岡 久留米
59%
茨城 牛久
56%
茨城 鹿嶋
56%
岐阜 高山
56%
三重 伊勢志摩
56%
静岡 三島
56%
静岡 伊東
56%
長野 軽井沢
56%
福岡 天神
56%
福島 会津若松
56%
山梨 大月
53%
山梨 富士吉田
53%
中国 香港
53%
福島・群馬 尾瀬
53%
北海道 富良野
53%
北海道 知床
53%
茨城 古河
50%
山梨 河口湖
50%
静岡 御殿場
50%
栃木 佐野
50%
アメリカ グアム
47%
茨城 大洗
47%
沖縄 沖縄
47%
岐阜 下呂
47%
広島 宮島
47%
長野 上田
47%
長野 善光寺
47%
栃木 鬼怒川温泉
47%
群馬 館林
44%
広島 尾道
44%
香川 小豆島
44%
三重 伊勢神宮
44%
山梨 山中湖
44%
大阪 心斎橋
44%
大分 湯布院
44%
中国 マカオ
44%
福島 喜多方
44%
群馬 伊香保
41%
大阪 鶴橋
41%
福岡 門司
41%
北海道 美瑛
41%
韓国 済州島
38%
愛知 犬山
38%
茨城 高萩
38%
京都 嵐山
38%
鹿児島 種子島
38%
鹿児島 屋久島
38%
静岡 修善寺
38%
栃木 那須高原
38%
福岡 太宰府
38%
兵庫 宝塚
38%
愛知 常滑
34%
兵庫 淡路島
34%
大分 日田
31%
長崎 ハウステンボス
31%
兵庫 芦屋
31%
茨城 鉾田
28%
京都 清水寺
28%
新潟 越後湯沢
28%
長野 安曇野
28%
栃木 大田原
28%
兵庫 甲子園
28%
茨城 北茨城
25%
大阪 道頓堀
25%
島根 石見銀山
25%
愛知 名古屋城
22%
茨城 筑波
22%
茨城 笠間
22%
岐阜 郡上八幡
22%
大阪 新世界
22%
茨城 潮来
19%
京都 伏見稲荷
19%
静岡 伊豆高原
19%
大阪 ユニバーサルシティ
19%
愛知 長久手
16%
愛知 名古屋栄
16%
茨城 結城
16%
熊本 黒川温泉
16%
広島 竹原
16%
山梨 忍野
16%
滋賀 信楽
16%
青森 下北
16%
静岡 伊豆長岡
16%
長野 野沢温泉
16%
兵庫 神戸元町
16%
京都 京都祇園
13%
群馬 四万温泉
13%
北海道 ススキノ
13%
愛知 名古屋駅
9%
京都 四条河原町
9%
静岡 稲取温泉
9%
長野 蓼科
9%
愛知 名古屋大須
6%
茨城 真壁
6%
岐阜 奥飛騨温泉郷
6%
静岡 西伊豆
6%
大阪 十三
6%
長野 小布施
6%
栃木 益子
6%
福島 大内宿
6%
北海道 円山
6%
茨城 奥久慈
3%
山梨 早川
3%
静岡 伊豆天城
3%
大阪 天神橋筋
3%
北海道 東川町
3%
北海道 利尻・礼文
3%
岩手 北三陸
0%
群馬 甘楽・富岡
0%
静岡 寸又峡温泉
0%
大阪 住吉大社
0%
大阪 大阪ベイエリア
0%
長野 妻籠
0%
長野 渋温泉
0%
栃木 那須塩原温泉
0%
栃木 奥鬼怒温泉郷
0%
栃木 湯元温泉
0%
福岡 博多天神
0%
北海道 千歳・支笏湖
0%
No matching quizzes found
Score Distribution
Percent of People with Each Score
Percentile by Number Answered
Your Score History
You have not taken this quiz